000 00938nam a2200217 a 4500
999 _c10706
_d10706
001 10706
003 BD-JhCC
005 20180809175834.0
008 180809s2018 bg |||| |||| 000 0 ben d
035 _a(BD-JhCC)10706
040 _aBD-JhCC
_dBD-JhCC
041 _aeng
082 _a355
_bHAQ 2018
100 _aহক, জেনারেল আবু বেলাল মোহাম্মদ শফিউল
245 _aমুক্তিযুদ্ধে স্যাপার্স :
_bস্বাধীনতা যুদ্ধে কোর অব ইঞ্জিনিয়ার্স /
_cজেনারেল আবু বেলাল মোহাম্মদ শফিউল হক,
260 _aঢাকা :
_bসেনাসদর,
_c২০১৮.
300 _a৬০৫ পৃ. :
_bচিত্রাবলী,
_c২৫ সেমি.
650 _aLiberation war
650 _aBangaldesh Army
942 _2ddc
_cBK